[Event "Bosnjaci op 23rd"]
[Site "Bosnjaci"]
[Date "2018.01.04"]
[Round "2"]
[White "Mrkonjic, Nenad"]
[Black "Kurtovic, Nedzad"]
[Result "1-0"]
[WhiteElo "2345"]
[BlackElo "1954"]
[PlyCount "115"]
[EventDate "2018.01.03"]
[EventType "swiss"]
[EventRounds "9"]
[EventCountry "CRO"]
[SourceTitle "CBM 182 Extra"]
[Source "ChessBase"]
[SourceDate "2018.02.23"]
[SourceVersion "1"]
[SourceVersionDate "2018.02.23"]
[SourceQuality "1"]

1. c4 Nf6 2. Nc3 c5 3. g3 a6 4. Bg2 Nc6 5. Nf3 e6 6. 0-0 d5 7. cxd5 exd5 8. d4 h6 9. Be3 c4 10. b3 Bb4 11. Qc2 b5 12. Ne5 Bb7 13. bxc4 bxc4 14. Rab1 Qa5 15. a3 Bxc3 16. Rxb7 Nxe5 17. dxe5 Bxe5 18. Qf5 Bc3 19. Bb6 Qb5 20. Rb1 Qc6 21. Rc7 Qe6 22. Qc2 Be5 23. Qa4+ Nd7 24. Rc6 Qf5 25. e4 dxe4 26. Re1 e3 27. Bxe3 0-0 28. Rxc4 Rac8 29. Qxa6 Rxc4 30. Qxc4 Nf6 31. a4 Ng4 32. Bb6 Rb8 33. Bh3 Rxb6 34. Bxg4 Qf6 35. Qc8+ Kh7 36. Qf5+ Qxf5 37. Bxf5+ g6 38. Rxe5 gxf5 39. Rxf5 Kg6 40. Rf4 Ra6 41. Kg2 f5 42. h3 h5 43. Rb4 Kf6 44. Kf3 Ke6 45. h4 Kf6 46. Ke3 Ke6 47. Kd3 Kd6 48. Rf4 Ra5 49. Kc3 Kc6 50. Rc4+ Kb6 51. Rb4+ Kc6 52. Rb5 Rxa4 53. Rxf5 Ra2 54. Kd4 Kd6 55. Ke3 Ra3+ 56. Ke4 Ra2 57. Kf3 Ra3+ 58. Kg2 1-0

[Event "HUN-chT2 Charousek 1718"]
[Site "Hungary"]
[Date "2017.11.26"]
[Round "2.3"]
[White "Mrkonjic, Nenad"]
[Black "Krutti, Valer"]
[Result "1/2-1/2"]
[WhiteElo "2351"]
[BlackElo "2330"]
[PlyCount "65"]
[EventDate "2017.10.29"]
[EventType "team-tourn"]
[EventRounds "9"]
[EventCountry "HUN"]
[SourceTitle "EXT 2020"]
[Source "ChessBase"]
[SourceDate "2019.10.17"]
[SourceVersion "1"]
[SourceVersionDate "2019.10.17"]
[SourceQuality "1"]
[WhiteTeam "Komlo Banyasz"]
[BlackTeam "Aquaprofit Nagykanizsa II"]
[WhiteTeamCountry "HUN"]
[BlackTeamCountry "HUN"]

1. e4 c5 2. Nf3 e6 3. d4 cxd4 4. Nxd4 a6 5. Nc3 Qc7 6. Bd3 Nf6 7. 0-0 Nc6 8. Be3 Be7 9. Qe2 b5 10. Nxc6 Qxc6 11. e5 Bb7 12. f3 Ng8 13. Be4 Qc7 14. Bxb7 Qxb7 15. Rad1 Qc7 16. Qd3 f5 17. exf6 Nxf6 18. Bd4 0-0 19. Rfe1 Bc5 20. a3 Rac8 21. Bxc5 Qxc5+ 22. Qd4 Qc6 23. Qd6 Qb7 24. Rd2 Rc6 25. Qd3 h6 26. Re5 Qc7 27. Re3 Rc8 28. Qe2 Qb6 29. Qf2 Rd6 30. Rxd6 Qxd6 31. Rd3 Qe5 32. Qe3 Qxe3+ 33. Rxe3 1/2-1/2

[Event "HUN-chT2 Charousek 1718"]
[Site "Hungary"]
[Date "2017.10.29"]
[Round "1.3"]
[White "Mrkonjic, Nenad"]
[Black "Finszter, Mate"]
[Result "1-0"]
[WhiteElo "2351"]
[BlackElo "2286"]
[PlyCount "79"]
[EventDate "2017.10.29"]
[EventType "team-tourn"]
[EventRounds "9"]
[EventCountry "HUN"]
[SourceTitle "EXT 2020"]
[Source "ChessBase"]
[SourceDate "2019.10.17"]
[SourceVersion "1"]
[SourceVersionDate "2019.10.17"]
[SourceQuality "1"]
[WhiteTeam "Komlo Banyasz"]
[BlackTeam "Gyor Szechenyi"]
[WhiteTeamCountry "HUN"]
[BlackTeamCountry "HUN"]

1. d4 Nf6 2. Nf3 e6 3. c4 Nc6 4. Nc3 Bb4 5. e3 0-0 6. Bd3 d6 7. Bd2 e5 8. dxe5 dxe5 9. Qc2 Qe7 10. Ne4 Bxd2+ 11. Nfxd2 Nxe4 12. Bxe4 Nb4 13. Qc3 f5 14. a3 Na6 15. Bc2 Bd7 16. 0-0-0 Nc5 17. f4 exf4 18. exf4 Rae8 19. Nf3 Bc6 20. Rhe1 Be4 21. g3 Qf6 22. Qxf6 gxf6 23. Nd4 Bxc2 24. Kxc2 Re4 25. b4 Na4 26. Kb3 Nb6 27. c5 Nc8 28. Nxf5 Rxe1 29. Rxe1 Rd8 30. Kc4 Kf7 31. Re3 Kg6 32. Ne7+ Kf7 33. Nxc8 Rxc8 34. c6 bxc6 35. Kc5 a5 36. Kxc6 axb4 37. axb4 Rb8 38. Rb3 Rc8 39. b5 Ke6 40. Kb7 1-0

[Event "CRO-chT1A 26th"]
[Site "Mali Losinj"]
[Date "2017.10.05"]
[Round "8.15"]
[White "Kovacevic, Blazimir"]
[Black "Mrkonjic, Nenad"]
[Result "1/2-1/2"]
[WhiteElo "2488"]
[BlackElo "2351"]
[PlyCount "137"]
[EventDate "2017.09.28"]
[EventType "team-tourn"]
[EventRounds "9"]
[EventCountry "CRO"]
[SourceTitle "EXT 2018"]
[Source "ChessBase"]
[SourceDate "2017.10.13"]
[SourceVersion "1"]
[SourceVersionDate "2017.10.13"]
[SourceQuality "1"]
[WhiteTeam "Rijeka Liburnija"]
[BlackTeam "Osijek Ferit"]
[WhiteTeamCountry "CRO"]
[BlackTeamCountry "CRO"]

1. Nf3 d5 2. g3 c6 3. Bg2 h6 4. 0-0 Bf5 5. c4 e6 6. Qb3 Qb6 7. Nd4 Bg6 8. cxd5 exd5 9. Qe3+ Be7 10. d3 Nf6 11. Bh3 Nbd7 12. Nf5 Bxf5 13. Bxf5 Qxe3 14. Bxe3 Bd6 15. Nd2 0-0 16. Rfc1 Rfe8 17. Kf1 h5 18. Nb3 Bc7 19. Nd4 Bd6 20. Nf3 Ne5 21. d4 Neg4 22. Bf4 Bxf4 23. gxf4 Nh6 24. Bh3 Ne4 25. Rc2 a5 26. Ne5 f6 27. Nd3 Nd6 28. e3 Kf7 29. Ke2 Re7 30. Rg1 Rae8 31. Kd1 Rg8 32. Re2 Ke8 33. Rg6 Kf7 34. Rg1 Nhf5 35. Bxf5 Nxf5 36. Ne1 Ree8 37. Nf3 Rh8 38. Kd2 Re6 39. Kd3 Rhe8 40. Rc1 Ke7 41. Rc3 Kd7 42. Re1 R6e7 43. Rec1 Re6 44. Rb3 Kc7 45. Rg1 R6e7 46. Rc3 Kd7 47. Kc2 Kd6 48. Ra3 b6 49. Rb3 Kc7 50. Kd3 Kb7 51. Rc3 Re6 52. Ke2 R6e7 53. Kf1 Rc8 54. Kg2 Rec7 55. Rd1 Re8 56. Kh3 Nd6 57. Rc2 Nf5 58. Rg1 Rh8 59. Nh4 Nd6 60. Ng6 Rh6 61. Nh4 Re7 62. Ng6 Rf7 63. Nh4 Rh8 64. Rg6 Rc8 65. Rg1 Re8 66. Ng6 Nf5 67. Nh4 Nd6 68. Ng6 Nf5 69. Nh4 1/2-1/2

[Event "CRO-chT1A 26th"]
[Site "Mali Losinj"]
[Date "2017.10.04"]
[Round "7.55"]
[White "Sulava, Nenad"]
[Black "Mrkonjic, Nenad"]
[Result "1-0"]
[WhiteElo "2452"]
[BlackElo "2351"]
[PlyCount "105"]
[EventDate "2017.09.28"]
[EventType "team-tourn"]
[EventRounds "9"]
[EventCountry "CRO"]
[SourceTitle "EXT 2018"]
[Source "ChessBase"]
[SourceDate "2017.10.13"]
[SourceVersion "1"]
[SourceVersionDate "2017.10.13"]
[SourceQuality "1"]
[WhiteTeam "Kastel Novi Sedlar"]
[BlackTeam "Osijek Ferit"]
[WhiteTeamCountry "CRO"]
[BlackTeamCountry "CRO"]

1. c4 Nf6 2. Nf3 c6 3. Nc3 d5 4. e3 e6 5. Qc2 Be7 6. b3 0-0 7. Bb2 Nbd7 8. d4 Re8 9. Bd3 Nf8 10. 0-0 Bd6 11. Ne5 N6d7 12. f4 f5 13. Kh1 Nf6 14. c5 Bc7 15. b4 a6 16. a4 Bd7 17. Qe2 Re7 18. h3 Be8 19. Rg1 Bg6 20. b5 axb5 21. axb5 Rxa1 22. Rxa1 cxb5 23. Nxb5 Be8 24. Nd6 b6 25. Nxe8 Qxe8 26. Bb5 Qc8 27. Qc2 Bd8 28. Nc6 bxc5 29. Nxe7+ Bxe7 30. Ba3 Qb7 31. Bxc5 Bxc5 32. Qxc5 Ne4 33. Qc6 Qe7 34. Ra8 h6 35. Qe8 Qxe8 36. Bxe8 g5 37. fxg5 hxg5 38. Ra7 Nd6 39. Re7 f4 40. exf4 gxf4 41. Bd7 Nxd7 42. Rxd7 Nf5 43. Kg1 Kf8 44. Kf2 Ke8 45. Ra7 Nxd4 46. Ra4 e5 47. Rxd4 exd4 48. Ke2 Ke7 49. Kd3 Kf6 50. Kxd4 Kg5 51. Kxd5 Kh4 52. Ke4 Kg3 53. h4 1-0

[Event "CRO-chT1A 26th"]
[Site "Mali Losinj"]
[Date "2017.09.28"]
[Round "1.25"]
[White "Vrban, Mladen"]
[Black "Mrkonjic, Nenad"]
[Result "0-1"]
[WhiteElo "2295"]
[BlackElo "2351"]
[PlyCount "124"]
[EventDate "2017.09.28"]
[EventType "team-tourn"]
[EventRounds "9"]
[EventCountry "CRO"]
[SourceTitle "EXT 2018"]
[Source "ChessBase"]
[SourceDate "2017.10.13"]
[SourceVersion "1"]
[SourceVersionDate "2017.10.13"]
[SourceQuality "1"]
[WhiteTeam "Koprivnica Podravka"]
[BlackTeam "Osijek Ferit"]
[WhiteTeamCountry "CRO"]
[BlackTeamCountry "CRO"]

1. e4 e5 2. Nf3 Nf6 3. Nxe5 d6 4. Nc4 Nxe4 5. Qe2 Qe7 6. Ne3 Be6 7. g3 Nc6 8. Bg2 d5 9. c3 0-0-0 10. d3 Nf6 11. d4 Qd7 12. Nd2 Re8 13. Nb3 Bd6 14. 0-0 Bh3 15. Qf3 Ne7 16. c4 c6 17. cxd5 Bxg2 18. Kxg2 Nexd5 19. Nc4 Bc7 20. Bd2 Qg4 21. Rfe1 Qxf3+ 22. Kxf3 Nd7 23. Rac1 N7b6 24. Nc5 Nxc4 25. Rxe8+ Rxe8 26. Rxc4 Bd6 27. Nd3 f5 28. Rc1 Re4 29. Bc3 g5 30. Re1 g4+ 31. Kg2 Kd7 32. f3 Rxe1 33. Bxe1 Ke6 34. Bd2 h5 35. Kf2 b6 36. Ke2 Be7 37. Ne1 Bf6 38. Kd3 b5 39. b3 a6 40. a4 Be7 41. Ke2 Bf6 42. Nc2 Bd8 43. f4 h4 44. Be1 h3 45. Kd3 Be7 46. Ke2 Bd6 47. Kf1 Nf6 48. Bb4 Bc7 49. Be1 Nd5 50. Bd2 Kd7 51. Be1 Bb6 52. Ke2 Ke6 53. Kd3 Bc7 54. Ke2 bxa4 55. bxa4 Bd6 56. Kf1 Nb6 57. a5 Nd5 58. Bd2 c5 59. dxc5 Bxc5 60. Bc1 Nb4 61. Ne1 Kd5 62. Ke2 Bg1 0-1